U.S. Cities Chain - Statistics

General Stats
  • This quiz has been taken 35,727 times
    17,011 since last reset
  • The average score is 15 of 26
Answer Stats
Hint City % Correct
Capital of Texas Austin
95%
"The Motor City" Detroit
90%
2028 Summer Olympics host Los Angeles
83%
One of the first words said on the surface of the moon Houston
71%
The world's busiest cruise port Miami
71%
"The Big Easy" New Orleans
71%
Where Disneyland is located Anaheim
69%
California's wine capital Napa
67%
One of the Twin Cities St. Paul
66%
Westernmost city in Texas El Paso
64%
Not to be confused with its bay Tampa
63%
What Archimedes yelled Eureka
60%
Phonetically and geographically close to New York Newark
59%
Home of the University of Michigan Ann Arbor
58%
Name of three different cities with a population over 100,000 Springfield
57%
Largest city in the U.S. whose name contains a Q Albuquerque
56%
City in New York named for the island ruled by Odysseus Ithaca
51%
Warren Buffett's hometown Omaha
48%
Duke University is here Durham
42%
City in Tennessee which hosted the World's Fair Knoxville
42%
Sherman's March to the Sea ended here Savannah
42%
Just outside of NYC Yonkers
38%
Pennsylvania city that Billy Joel wrote a song about Allentown
34%
Second largest city in South Dakota Rapid City
28%
Old West boomtown in the Black Hills of South Dakota Deadwood
20%
Where George W. Bush grew up Midland
19%
No matching quizzes found
Score Distribution
Percent of People with Each Score
Percentile by Number Answered
Your Score History
You have not taken this quiz since the last reset